Statistiken für Stadtteile von Dinslaken

Klicken Sie hier um das Quiz zu spielen!

Allgemein

  • Dieses Quiz wurde 26 mal gespielt
  • Das Durchschnittsergebnis liegt bei 8 aus 10

Antwortstatistiken

EinwohnerStadtteil% Korrekt
4.138Eppinghoven
87%
12.311Feldmark (Bruch)
87%
15.763Hiesfeld
87%
8.682Innenstadt
87%
5.926Lohberg
87%
6.551Averbruch
80%
6.947Blumenviertel
73%
5.278Hagenviertel
67%
4.524Oberlohberg
60%
577Grafschaft
40%

Verteilung der Resultate

Perzentil nach korrekt beantworteten Fragen

Anzahl Personen mit jedem Resultat

Ihre Resultats-Entwicklung

Sie haben dieses Quiz noch nicht gespielt